00626nam a22001817a 4500003000400000020001800004082001800022100001600040245006400056250000800120260003400128300000800162650001500170653006400185942001200249952016600261999001700427SGT a9781635506914 a616.855bC25H aHEGDE, M.N. aCLIONICAL METHODS & PRACTICUM IN SPEECH- LANGUAGE PATHOLOGY a7TH aSAN DIEGO bPLURAL PUB c2025 a413 aAUDIOLOGY  aCLIONICAL METHODS & PRACTICUM IN SPEECH- LANGUAGE PATHOLOGY 2ddccBK 00102ddc40718MEDICALaFMbFMcREFd2024-09-17eADWELL BOOK COMPANYg9565.00iSGTUl0o616.855 C25HpFM14509r2024-09-17 00:00:00w2024-08-20yBKk24-25/00034 c26898d26898